Migrants and proletarians : (Record no. 58137)
[ view plain ]
| 000 -LEADER | |
|---|---|
| fixed length control field | 00783nam a2200229 a 4500 |
| 001 - CONTROL NUMBER | |
| control field | 58137 |
| 003 - CONTROL NUMBER IDENTIFIER | |
| rucl marc code | BD-RjUL |
| 005 - DATE AND TIME OF LATEST TRANSACTION | |
| control field | 20211209080605.0 |
| 008 - FIXED-LENGTH DATA ELEMENTS--GENERAL INFORMATION | |
| fixed length control field | 161217s1960 enkab b 001 0 eng |
| 035 ## - SYSTEM CONTROL NUMBER | |
| System control number | (BD-RjUL)58261 |
| 040 ## - CATALOGING SOURCE | |
| Original cataloging agency | DLC |
| Transcribing agency | DLC |
| Modifying agency | OCoLC |
| Language of cataloging | eng |
| 041 ## - LANGUAGE CODE | |
| Language code of text/sound track or separate title | eng |
| 082 ## - DEWEY DECIMAL CLASSIFICATION NUMBER | |
| Classification number | 331.7096761 |
| Edition number | BD-RjUL |
| Author mark and year | ELM 1960 |
| 100 1# - MAIN ENTRY--PERSONAL NAME | |
| Personal name | Elkan, Walter. |
| 9 (RLIN) | 172696 |
| 245 10 - TITLE STATEMENT | |
| Title | Migrants and proletarians : |
| Remainder of title | urban labour in the economic development of Uganda / |
| Statement of responsibility, etc. | Walter Elkan, |
| 260 ## - PUBLICATION, DISTRIBUTION, ETC. (IMPRINT) | |
| Place of publication, distribution, etc. | London : |
| Name of publisher, distributor, etc. | Published on behalf of the East African Institute of Social Research by Oxford University Press, |
| Date of publication, distribution, etc. | c1960. |
| 300 ## - PHYSICAL DESCRIPTION | |
| Pagination | ix, 149 p. : |
| Illustrations | ill, ; |
| Size | 23 cm. |
| 500 ## - GENERAL NOTE | |
| General note | Include index |
| 650 #0 - SUBJECT ADDED ENTRY--TOPICAL TERM | |
| Topical term or geographic name as entry element | Labor and laboring classes |
| Geographic subdivision | Uganda. |
| 9 (RLIN) | 172697 |
| 942 ## - ADDED ENTRY ELEMENTS (KOHA) | |
| Source of classification or shelving scheme | Dewey Decimal Classification |
| Koha item type | Books |
| Lost status | Source of classification or shelving scheme | Damaged status | Not for loan | Collection code | Permanent Location | Current Location | Shelving location | Date acquired | Source of acquisition | Cost, normal purchase price | Total Checkouts | Full call number | Date last seen | Copy number | Koha item type |
|---|---|---|---|---|---|---|---|---|---|---|---|---|---|---|---|
| Dewey Decimal Classification | Not For Loan | Non-fiction | Central Library, University of Rajshahi | Central Library, University of Rajshahi | Reading Room | 17/12/2016 | Swets & zeitlinger | 25.00 | 331.7096761 ELM 1960 | 17/12/2016 | C-1 | Books |